Statistics for La Liga 2021-22 First XI

Click here to take the quiz!

General Stats

  • This quiz has been taken 140 times
  • The average score is 80 of 220

Answer Stats

TeamPositionPlayer% Correct
Real MadridFW Gareth Bale
97%
Real MadridFW Karim Benzema
97%
Real MadridMF Luka Modrić
97%
Real MadridGK Thibaut Courtois
97%
Real MadridDF David Alaba
96%
Real MadridFW Eden Hazard
96%
Atlético MadridGK Jan Oblak
96%
BarcelonaMF Frenkie de Jong
95%
Real MadridMF Casemiro
93%
Real MadridMF Federico Valverde
92%
BarcelonaFW Memphis Depay
92%
Atlético MadridDF Stefan Savić
91%
BarcelonaDF Sergiño Dest
89%
BarcelonaMF Sergio Busquets
88%
Real MadridDF Éder Militão
87%
BarcelonaDF Jordi Alba
87%
BarcelonaMF Pedri
87%
Atlético MadridMF Geoffrey Kondogbia
86%
BarcelonaDF Gerard Piqué
86%
Atlético MadridDF José Giménez
86%
BarcelonaGK Neto
86%
Atlético MadridMF Koke
84%
Real MadridDF Nacho
84%
BarcelonaFW Martin Braithwaite
82%
Atlético MadridMF Yannick Carrasco
82%
BarcelonaFW Antoine Griezmann
80%
Atlético MadridFW Ángel Correa
78%
Rayo VallecanoMF Álvaro García
71%
Athletic BilbaoMF Dani García
71%
OsasunaDF David García
71%
BarcelonaDF Eric García
71%
Rayo VallecanoDF Fran García
71%
AlavésMF Manu García
71%
OsasunaFW | MF Rubén García
71%
OsasunaDF Unai García
71%
Athletic BilbaoFW Iñaki Williams
70%
VillarrealGK Gerónimo Rulli
68%
ValenciaFW Maxi Gómez
68%
Atlético MadridMF Thomas Lemar
68%
Real SociedadMF David Silva
67%
Real BetisGK Rui Silva
67%
EspanyolDF Sergi Gómez
67%
Real BetisMF Nabil Fekir
66%
Real MadridDF Lucas Vázquez
64%
SevillaDF Jules Koundé
63%
Atlético MadridDF Mario Hermoso
61%
Atlético MadridMF Saúl
61%
GetafeDF Damián Suárez
59%
ValenciaMF Daniel Wass
59%
Celta VigoMF Denis Suárez
59%
GranadaFW Luis Suárez
59%
Rayo VallecanoDF Mario Suárez
59%
SevillaFW Youssef En-Nesyri
59%
Atlético MadridFW Marcos Llorente
58%
SevillaDF Diego Carlos
57%
SevillaMF Fernando
57%
VillarrealFW Gerard Moreno
57%
VillarrealMF Alberto Moreno
55%
Real BetisDF Álex Moreno
55%
ValenciaFW Gonçalo Guedes
54%
Celta VigoFW Iago Aspas
54%
VillarrealFW Boulaye Dia
53%
Real SociedadFW Mikel Oyarzabal
53%
GetafeFW Enes Ünal
51%
Real SociedadMF Adnan Januzaj
49%
ValenciaMF Denis Cheryshev
49%
ValenciaDF José Gayà
49%
Real SociedadDF Robin Le Normand
49%
VillarrealMF Étienne Capoue
47%
Athletic BilbaoDF Iñigo Martínez
47%
LevanteGK Aitor Fernández
46%
GetafeDF Djené
46%
SevillaMF Jesús Navas
46%
VillarrealDF Aïssa Mandi
45%
Athletic BilbaoMF Iker Muniain
45%
Real BetisFW Borja Iglesias
43%
EspanyolMF David López
43%
EspanyolGK Diego López
43%
Real SociedadMF Mikel Merino
43%
CádizMF Álex Fernández
42%
ValenciaMF Carlos Soler
42%
VillarrealDF Raúl Albiol
42%
AlavésGK Fernando Pacheco
39%
ValenciaDF Gabriel Paulista
37%
VillarrealDF Juan Foyth
37%
SevillaGK Marko Dmitrovic
37%
LevanteDF Róber Pier
37%
Real BetisMF Sergio Canales
37%
EspanyolMF Wu Lei
37%
SevillaDF Karim Rekik
34%
GetafeMF Nemanja Maksimović
34%
Real BetisMF Rodri
34%
Real SociedadGK Álex Remiro
33%
GetafeGK David Soria
33%
SevillaMF Marcos Acuña
33%
Celta VigoDF Néstor Araujo
33%
EspanyolFW Raúl de Tomás
32%
GranadaDF Germán Sánchez
30%
LevanteMF José Luis Morales
30%
ValenciaGK Giorgi Mamardashvili
29%
CádizGK Jeremías Ledesma
29%
CádizFW Álvaro Negredo
28%
SevillaMF Joan Jordán
28%
CádizMF Salvi Sánchez
28%
VillarrealDF Alfonso Pedraza
26%
MallorcaFW Ángel Rodríguez
26%
MallorcaFW Dani Rodríguez
26%
GranadaDF Domingos Duarte
26%
AlavésDF Florian Lejeune
26%
GetafeMF Mauro Arambarri
26%
Athletic BilbaoDF Óscar de Marcos
26%
LevanteDF Óscar Duarte
26%
AlavésDF Rubén Duarte
26%
OsasunaFW Ante Budimir
25%
VillarrealMF Manu Trigueros
25%
Real SociedadMF Martín Zubimendi
25%
Celta VigoMF Renato Tapia
25%
ValenciaDF Thierry Correia
25%
CádizMF Anthony Lozano
24%
LevanteMF José Campaña
24%
AlavésFW Joselu
24%
Rayo VallecanoGK Luca Zidane
24%
MallorcaDF Martin Valjent
24%
GranadaFW Darwin Machís
22%
ValenciaDF Omar Alderete
22%
SevillaFW Óscar Rodríguez
22%
MallorcaMF Iñigo Ruiz de Galarreta
21%
Celta VigoMF Nolito
21%
Real BetisDF Edgar González
20%
Celta VigoDF Hugo Mallo
20%
Athletic BilbaoDF Mikel Balenziaga
20%
OsasunaGK Sergio Herrera
20%
Real BetisDF Victor Ruiz
20%
VillarrealMF Yeremi Pino
20%
OsasunaMF Darko Brašanac
18%
EspanyolDF Leandro Cabrera
18%
MallorcaGK Manolo Reina
18%
Rayo VallecanoMF Óscar Trejo
18%
Rayo VallecanoFW Randy Nteka
18%
Celta VigoMF Brais Méndez
17%
GranadaDF Dimitri Foulquier
17%
LevanteMF Jorge de Frutos
17%
GranadaMF Luis Milla
17%
GranadaMF Maxime Gonalons
17%
OsasunaDF Nacho Vidal
17%
ElcheFW Pere Milla
17%
Real SociedadMF Portu
17%
ElcheFW Lucas Boyé
16%
ElcheMF Raúl Guti
16%
LevanteFW Roberto Soldado
16%
Athletic BilbaoMF Alejandro Berenguer
14%
CádizDF Carlos Akapo
14%
CádizDF Fali
14%
ValenciaMF Hugo Guillamón
14%
MallorcaMF Iddrisu Baba
14%
Rayo VallecanoDF Iván Balliu
14%
ElcheDF Johan Mojica
14%
ElcheGK Kiko Casilla
14%
GetafeDF Mathías Olivera
14%
Celta VigoGK Matías Dituro
14%
LevanteFW Roger
14%
Celta VigoFW Santi Mina
14%
AlavésDF Víctor Laguardia
14%
Real SociedadDF Aritz Elustondo
13%
ElcheDF Enzo Roco
13%
GetafeDF Stefan Mitrović
13%
Real BetisDF Martín Montoya
12%
Athletic BilbaoFW Oihan Sancet
12%
CádizDF Pacha Espino
12%
Real BetisMF Aitor Ruibal
11%
MallorcaDF Antonio Raíllo
11%
LevanteDF Carlos Clerc
11%
OsasunaMF Jon Moncayola
11%
SevillaFW Oussama Idrissi
11%
Athletic BilbaoMF Unai Vencedor
11%
EspanyolDF Adrià Pedrosa
9%
Real SociedadDF Aihen Muñoz
9%
GranadaFW Antonio Puertas
9%
GetafeMF Carles Aleñá
9%
GranadaDF Carlos Neva
9%
AlavésFW Édgar
9%
Celta VigoDF Javi Galán
9%
Real SociedadDF Joseba Zaldúa
9%
AlavésMF Luis Rioja
9%
AlavésDF Martín Aguirregabiria
9%
GetafeFW Sandro Ramírez
9%
AlavésMF Tomás Pina
9%
GranadaGK Aarón Escandell
8%
Rayo VallecanoDF Alejandro Catena
8%
LevanteMF Gonzalo Melero
8%
ElcheDF Gonzalo Verdú
8%
Rayo VallecanoMF Isi Palazón
8%
CádizMF Jens Jønsson
8%
OsasunaMF Lucas Torró
8%
EspanyolDF Óscar Gil
8%
Rayo VallecanoMF Óscar Valentín
8%
MallorcaDF Pablo Maffeo
8%
Real BetisMF Paul Akouokou
8%
Rayo VallecanoMF Santi Comesaña
8%
CádizDF Varazdat Haroyan
8%
EspanyolMF Adri Embarba
7%
MallorcaDF Brian Oliván
7%
Athletic BilbaoDF Daniel Vivian
7%
GetafeDF Erick Cabaco
7%
ElcheMF Fidel
7%
ElcheDF Josan
7%
ElcheDF Pedro Bigas
7%
AlavésMF Pere Pons
7%
MallorcaMF Salva Sevilla
7%
CádizMF Tomás Alarcón
7%
ElcheMF Iván Marcone
5%
Athletic BilbaoGK Julen Agirrezabala
5%
LevanteDF Son
5%
EspanyolMF Fran Mérida
4%
MallorcaFW Jordi Mboula
4%
Celta VigoDF José Fontán
4%
OsasunaDF Kike Barja
4%
GranadaMF Monchu
1%
EspanyolMF Nicolás Ribaudo
1%

Score Distribution

Percentile by Number Answered

Percent of People with Each Score

Your Score History

You have not taken this quiz